000
00239nam a22001217a 4500
041
_a
ENG
100
_a
Mike.B
245
_a
Fermented Fruits and Vegtables
260
_a
New Delhi
_b
FAO
_c
1998
300
_a
96
650
_a
FAO
856
_u
FAO
999
_c
2615
_d
2615